000 00980nam a2200265 a 4500
001 000021562
003 DO-SdBNP
005 20251028113918.0
008 100909s1994 dr 001 0 spa d
040 _aDO-SdBNP
_bspa
_cBNPHU
082 4 _a972.93053
_bG934i
_222
100 _aGuerrero, Miguel,
_d1945-
_914303
245 1 3 _aLa ira del tirano :
_bhistoria del atentado de los próceres /
_cMiguel Guerrero.
260 _aSanto Domingo :
_bCorripio,
_c1994.
300 _a328 p. ;
_c24 cm.
500 _aIncluye índice de nombres
590 _aInventariado, 2019/MFF
600 1 4 _aBetancourt, Rómulo,
_d1908-1981
_916784
600 1 4 _aTrujillo Molina, Rafael Leónidas,
_d 1891-1961
_976764
650 4 _aDelitos contra jefes de estado
_944033
651 4 _aRepública Dominicana
_xRelaciones exteriores
_zVenezuela
_944932
651 4 _aVenezuela
_xRelaciones exteriores
_zRepública Dominicana
_926230
910 _aValidado. Control de calidad MMOLINA
942 _2ddc
_cLBS1
999 _c21061
_d21061